Statistics for Pac 12 teams

Click here to take the quiz!

General Stats

  • This quiz has been taken 58 times
  • The average score is 11 of 12

Answer Stats

StateAnswer% Correct
CalCal
98%
OreOregon
98%
OreOregon State
98%
WasWashington
98%
AZArizona
96%
AZArizona State
96%
COColorado
96%
UTUtah
96%
WasWashington State
96%
CalUCLA
94%
CalUSC
92%
CalStanford
86%

Score Distribution

Percentile by Number Answered

Percent of People with Each Score

Your Score History

You have not taken this quiz